000 00761nam a2200217 4500
003 OSt
005 20240729055132.0
006 a
008 240729b |||||||| |||| 00| 0 eng d
020 _a97897123553581
040 _aDWCL-HMN lib.
_cOC
082 _aFil. 338.4791 C117h 2009
100 _aCabulay, Danny Araneta
245 _aHuman resource management in the tourism and hospitality industry ; a comprehensive guide for teachers, practitioners, students and industry mentors /
260 _aManila :
_bRex Book Store,
_cc2009.
300 _ax,
_b399 p. : ill. ;
_c26 cm.
504 _aIncludes index.
650 _a1. Hospitality industry-Personnel management.
650 _a2. Tourism-Personnel management.
942 _2ddc
_n0
_cBK - FIL
_kFil.
999 _c2905
_d2905